000 01006pam a2200349 a 4500
999 _c2327
_d2327
001 013046033
003 Uk
005 20230414090437.0
008 041110s2005 enka j 000 1 eng
015 _aGBA483979
_2bnb
016 7 _a013046033
_2Uk
020 _a0746064470 (hbk.) :
040 _aStDuBDS
_beng
_cStDuBDS
_dUk
_dKH8
042 _aukblsr
082 0 4 _a823.914 DAV
_222
100 1 _aDavidson, Susanna.
_eAuthor
245 1 0 _aRapunzel /
_cSusanna Davidson ; illustrator, Desideria Guicciardini.
250 _aGift ed.
260 _aLondon :
_bUsborne,
_c2005.
300 _a48 p. :
_bill. ;
_c20 cm.
336 _atext
_2rdacontent
337 _aunmediated
_2rdamedia
338 _avolume
_2rdacarrier
490 1 _aYoung reading
500 _aFormerly CIP.
_5Uk
650 0 _aRapunzel (Tale)
_vJuvenile fiction.
655 7 _aFairy tales.
_2gsafd
655 0 _aChildren's stories.
700 1 _aGuicciardini, Desideria.
_eIllustrator
830 0 _aYoung reading
942 _2ddc
_cFIC